Normal view
MARC view
- Ren, Wei
Entry Personal Name
001 - CONTROL NUMBER
- control field: 82277
003 - CONTROL NUMBER IDENTIFIER
- control field: NUST
005 - DATE AND TIME OF LATEST TRANSACTION
- control field: 20210909101600.0
008 - FIXED-LENGTH DATA ELEMENTS
- fixed length control field: 210909|| aca||aabn | a|a d
040 ## - CATALOGING SOURCE
- Original cataloging agency: NUST
- Transcribing agency: NUST
100 ## - HEADING--PERSONAL NAME
- Personal name: Ren, Wei
670 ## - SOURCE DATA FOUND
- Source citation: Work cat.: (NUST)33156: Ren, Wei, Distributed coordination of multi-agent networks, c2011.
